| 000 | 00626nam a22001817a 4500 | ||
|---|---|---|---|
| 005 | 20230303083418.0 | ||
| 008 | 230303b |||||||| |||| 00| 0 eng d | ||
| 020 | _a978-1-4742-7486-9 | ||
| 082 | _a401.93 N227 2018 | ||
| 100 |
_aNava, Andrea _eauthor |
||
| 245 |
_aSecond language acquisition in action: _bprinciples from practice / _cAndrea Nava, Luciana Pedrazzini |
||
| 260 |
_aLondon: _bBloomsbury Academic, _cc2018 |
||
| 300 |
_axi, 225p.: _bill. |
||
| 504 | _aIncludes bibliographical references and index | ||
| 541 | _e6486 c.1, 6487 c.2 | ||
| 650 | _aSecond language acquisition | ||
| 700 |
_aPedrazzini, Luciana _eauthor |
||
| 999 |
_c1578 _d1578 |
||